000 01809nam a2200529 i 4500
001 52079
003 KOSZ 005
005 20230118125114.0
008 060711s2006 pl a f f |000 0 pol
015 _aUWD 2006/15232
035 _a991031057319705066
035 _a(PL-WaBN)b18359826-48omnis_nlop
035 _ab18359826
035 _a(OCoLC)749584766
035 _azz2006788884
035 _a(PL)b0000001835982
035 _a(EXLNZ-48OMNIS_NETWORK)9910034466205606
040 _aWA N
_cWA N
_dKOSZ 005/HR
041 0 _apol
_beng
046 _k2006
080 _a621.317
080 _a519.65
080 _a510.5
100 _aAugustyn, Jerzy
_c(elektronika)
_eAutor
245 1 0 _aAlgorytmiczne metody pomiaru impedancji /
_cJerzy Augustyn.
260 _aKielce :
_bWydawnictwo Politechniki Świętokrzyskiej,
_c2006.
300 _a140 s. :
_bil. ;
_c24 cm.
336 _aTekst
_btxt
_2rdacontent
337 _aBez urządzenia pośredniczącego
_bn
_2rdamedia
338 _aWolumin
_bnc
_2rdacarrier
380 _aKsiążki
388 _a2001-
490 1 _aMonografie, Studia, Rozprawy / Politechnika Świętokrzyska ;
_v53
500 _aNa książce błędny i zbędny numer ISSN.
504 _aBibliogr. s. 125-135.
546 _aStreszcz. ang.
650 7 _aAlgorytmy
_2DBN
650 7 _aImpedancja
_2DBN
650 7 _aPomiary
650 7 _aMetoda najmniejszych kwadratów
_2DBN
658 _aInżynieria i technika
710 2 _aWydawnictwo Politechniki Świętokrzyskiej
_4pbl
830 0 _aMonografie, Studia, Rozprawy - Politechnika Świętokrzyska
_v53
856 _uhttp://koha.tu.koszalin.pl/cgi-bin/koha/opac-detail.pl?biblionumber=52079
_yKatalog online BPK
942 _2UKD
_cKS
999 _c52079
_d52079